| 000 | 01991nam a2200421 c 4500 | ||
|---|---|---|---|
| 003 | BLK | ||
| 005 | 20220322084809.0 | ||
| 008 | 180410b bul|||||r ||||||| ||bul|| | ||
| 010 | _aKNG00150723000 | ||
| 020 |
_a978-954-92349-4-7 _bиздат.: Център за психосоциална подкрепа - (Център за психосоциална подкрепа) |
||
| 020 |
_a978-954-91725-7-7 _bиздат.: Бълг. пространство за психоанализа - (Бълг. пространство за психоанализа) |
||
| 040 | _aBLK | ||
| 041 |
_aBUL _cBUL |
||
| 072 | 7 |
_2bullib _aН15 _xПсихология Н |
|
| 080 |
_aПсихология на юношите _b159.922.8 _x _z159.922.8 |
||
| 100 | 1 |
_aДеларош, Патрик _eпърви автор _9284215 |
|
| 700 | 1 |
_aДочева, Розалина Бисерова _eпрев. от фр. _9379854 |
|
| 139 |
_aДеларош, Патрик _bД 36 |
||
| 245 | 1 | 0 |
_aПроблемите на юношеството _cПатрик Деларош; прев. от фр. Розалина Бисерова Дочева. |
| 257 | _aFRA | ||
| 260 |
_аСофия _bЦентър за психосоциална подкрепа _bБълг. пространство за психоанализа _c2011 _fСофия : Ракурс |
||
| 300 |
_a200 с. _c21 см |
||
| 380 | _a1 | ||
| 490 | 1 | _aСерия Практики | |
| 500 | _aОриг. загл. Adolescence a problemes / Patrick Delaroche. | ||
| 650 | 4 |
_aЮноши - психология _9263551 |
|
| 653 | _aпсихология на личността | ||
| 653 | _aпубертет | ||
| 653 | _aдетска психология | ||
| 653 | _aюноши | ||
| 653 | _aвъзрастова психология | ||
| 659 | _aН | ||
| 852 | _aЦб 264777 | ||
| 856 | 4 |
_qpdf _u |
|
| 856 | 4 |
_qpdf _u |
|
| 942 |
_cKNG _n0 _07 |
||
| 944 |
_aCR _c25.09.2013 _lф / _kГеновева_Генчева |
||
| 944 |
_aED _c17.02.2016 _lф / _kЛюдмила_Стоянова |
||
| 999 |
_c144567 _d144567 |
||